| 000 | 01058nam a22002657a 4500 | ||
|---|---|---|---|
| 999 |
_c21335 _d21335 |
||
| 003 | AR-CdUCM | ||
| 008 | 190304b ||||| |||| 00| 0 spa d | ||
| 020 | _a9786124340246 | ||
| 040 |
_aMUNICIPALIDAD PROVINCIAL DEL CUSCO _cBIBLIOTECA MUNICIPAL DEL CUSCO |
||
| 082 |
_a985.61/V17M _bV17M _2Décima |
||
| 100 |
_aValcárcel, Luis E _9628 |
||
| 245 |
_aMachu Picchu : _bEl más famoso monumento arqueológico del Perú / _cLuis Eduardo Varcárcel |
||
| 260 |
_aLima ; _bFondo Editorial de la UIGV, _c2018. |
||
| 300 |
_a318 Páginas. : _bilustraciones ; _c27 cm. |
||
| 440 |
_aObras Escogidas _924987 |
||
| 505 | _aContenido: El Imperio Incaico -- Machupicchu el más famoso monumento arqueológico del Perú -- La Región Tampu -- Los centros Poblados -- Huayna Picchu -- Interpretación Final... | ||
| 650 |
_aEl imperio Incaico _98722 |
||
| 650 |
_aMachupicchu _91751 |
||
| 650 |
_aPachakuti _98723 |
||
| 650 |
_aTampu _98724 |
||
| 650 |
_aInca _9421 |
||
| 710 |
_aUniversidad Inca Garcilaso de la Vega _924988 |
||
| 942 |
_2ddc _cLIBROS |
||
| 945 | _aRoel | ||